000 00419nam a2200181Ia 4500
003 GCL
008 140319s9999 xx 000 0 eng d
040 _aGCL /
_cGCL
082 0 4 _a821
_bH Q
100 1 _aHEALY, MAURA
245 1 0 _aQUARTET OF POEMS /
_cHEALY, MAURA
260 _a[S.N] :
_bLONGMAN ،
_c1994
300 _a153 P
650 0 4 _aLITERATURE
650 0 4 _aPOEMS
650 0 4 _aENGLISH
942 _2ddc
_cBK
999 _c24533
_d24533